Statistics for Friends Boyfriends and Girlfriends

Click here to take the quiz!

General Stats

  • This quiz has been taken 2,144 times
  • The average score is 20 of 41

Answer Stats

Answer % Correct
Rachel
88%
Chandler
88%
Ross
88%
Mike
88%
Janice
87%
Monica
86%
Richard
85%
Carol
79%
Joey
77%
Emily
73%
David
70%
Paul
67%
Paul
67%
Mona
63%
Julie
62%
Tag
60%
Kathy
58%
Kathy
58%
Paolo
55%
Pete
53%
Barry
52%
Elizabeth
52%
Charlie
46%
Charlie
46%
Joshua
46%
Bobby
45%
Janine
37%
Gary
35%
Bonnie
35%
Gavin
23%
Russ
21%
Chip
17%
Ethan
15%
Duncan
12%
Timothy
8%
Roger
7%
Jason
7%
Erin
6%
Jean-Claude
5%
Vince
5%
Aurora
5%

Score Distribution

Percentile by Number Answered

Percent of People with Each Score

Your Score History

You have not taken this quiz